Taylor Swift - Chansons commençant par "the" - Statistiques

Statistiques générales
  • Ce quiz a été pris 689 fois
  • Le résultat moyen est 14 sur 23
Statistiques - réponses
The % Correct
the 1
87%
The Man
87%
The Albatross
75%
The Archer
75%
the last great American dynasty
73%
The Bolter
69%
The Alchemy
66%
The Manuscript
63%
The Prophecy
63%
The Black Dog
62%
The Great War
61%
The Last Time
57%
The Best Day
55%
The Tortured Poets Department
55%
The Very First Night
54%
The Smallest Man Who Ever Lived
53%
The Way I Loved You
53%
the lakes
52%
The Outside
51%
The Other Side of the Door
48%
The Moment I Knew
44%
The Story of Us
41%
The Lucky One
39%
Aucun quiz correspondant
Distribution des résultats
% des personnes avec chaque résultat
Percentile par nombre de réponses
Votre historique - résultats
Vous n’avez pas pris ce quiz